000 00462nam a2200157Ia 4500
008 210210b1986 xxu||||| |||| 00| 0 eng d
020 _a81 204 0073 9
082 _a541.28 RASI
100 _aRASTOGI (R P) & SRIVASTAVA (V K).
245 _aIntroduction to quantum mechanics of chemical systems.
260 _aN D
_bOxford & IBH Publishing Co.,
_c1986
300 _aviii,98
650 _aQuantum Mechanics
690 _aTheoretical Chemistry
906 _a043094
999 _c92643
_d92643